| 000 | 01364nam a22002417a 4500 | ||
|---|---|---|---|
| 999 |
_c58253 _d58253 |
||
| 003 | Ge_BSU | ||
| 005 | 20250131104325.0 | ||
| 008 | 211011s2012 ge ||||| |||| 00| 0 geo d | ||
| 020 | _a9789941929601 | ||
| 041 | _ageo | ||
| 080 | _a58(479.223)+(582.091)(479.223) ბ-17 | ||
| 245 |
_aბათუმის ბოტანიკური ბაღის ხეები და ბუჩქები : _b(ანოტირებული სია) / _cავტ.: ნანი აროშიძე, ბულბული ბოლქვაძე, მარიზა ბრეგვაძე [და სხვ.]. |
||
| 264 |
_aთბ. : _b შპს "საჩინო", _c2012. |
||
| 300 |
_a184 გვ. ; _b14 სმ. |
||
| 500 | _aტექსტი ქართ. და ინგლ. | ||
| 653 | _aბოტანიკური ბაღები საქართველოში. | ||
| 700 |
_aაროშიძე, ნანი _eავტორი _910793 |
||
| 700 |
_aბოლქვაძე, ბულბული _eავტორი _910793 |
||
| 700 |
_aბრეგვაძე, მარიზა _eავტორი _912628 |
||
| 700 |
_aგელაძე, გიული _eავტორი _912629 |
||
| 700 |
_aთათარიშვილი, მარინე და სხვ. _eავტორი _912630 |
||
| 942 |
_2udc _cBK |
||